MDQL
is popping MORE tags! Check the
thread
!
Quizzes
Events
Quiz Creation
Community
Videos
Private Events
Remove Ads
Sign In
Join for FREE
Feedback
Dark Mode
Quiz Categories
Sports
Geography
Music
Movies
Television
Just For Fun
Miscellaneous
History
Literature
Language
Science
Gaming
Entertainment
Religion
Holiday
For Kids
Quiz Lab
Recent
Popular Today
Quiz Kudos Today
Editor Picks
Curator Picks
Quizzes by...
Day
Popularity
Type
Ratings
Length
Year
Community
Subscriptions
Recent Discussions
Orange Saloon
Badges
Playlists
Quests
Create
Leaderboards
Showdown
Live 5
Trivia Bingo
Activity
Puzzle Library
Sporcle Events
Private Events
Virtual Trivia
Globe League
Become a Host
Pub Owners
SporcleCon
Opinionation
Our Games
Videos
Blog
Mobile Apps
Partnerships
Remove Ads and Go Orange
Feedback
Sports
Athletes
MLB
NBA
NHL
NFL
Soccer
Sports Teams
WWE
NCAA
Football
Premier League
Basketball
Baseball
Hockey
Golf
Tennis
Cricket
Rugby
Auto Racing
Olympics
World Cup
Sports
Athletes
MLB
NBA
NHL
NFL
Soccer
Sports Teams
WWE
NCAA
Football
Premier League
Basketball
Baseball
Hockey
Golf
Tennis
Cricket
Rugby
Auto Racing
Olympics
World Cup
Random Quiz
Search Sporcle
×
Quiz Lab
Quiz Lab
Sports
WWE
Type answers that appear on an image
Type answers that appear on an image
Map
Best Score? Go Orange.
WWE Intercontinental Champions Map Picture Quiz Stats
Can you name the WWE Intercontinental Champions featured in this picture (see how to play)?
By
jrock826
8m
73 Questions
2,557 Plays
2,557 Plays
2,557 Plays
Comments
Comments
Give Quiz Kudos
Give Quiz Kudos
-
- Ratings
hide this ad
More Info
Replay
Link that replays current quiz
Next Quiz
Link to next quiz in quiz playlist
You Got
0%
They Got
Avg Score
71%
Avg Friend Score
Upgrade to see
Score Distribution
Jump to the score distribution portion of the page
Score
0/73
Timer
08:00
0
Plays Today
% Correct
Kane
90%
Owen Hart
90%
Triple H
88.3%
Bret Hart
88.3%
Dean Ambrose
87.7%
Big Show
84.6%
Ultimate Warrior
84.2%
Edge
84.2%
Ric Flair
82.6%
Zack Ryder
81.7%
The Rock
81.3%
Randy Orton
80.8%
Ryback
80.3%
Rey Mysterio
80.3%
Steve Austin
80.1%
Dolph Ziggler
80%
Shawn Michaels
80%
Jeff Hardy
79.8%
Goldust
79.5%
The Miz
79.2%
Chris Jericho
79.2%
Christian
78.9%
Chris Benoit
78.7%
Daniel Bryan
78.7%
Randy Savage
78.5%
Razor Ramon
78.5%
Rob Van Dam
78.5%
Kofi Kingston
78.3%
CM Punk
78.2%
Roddy Piper
78.1%
Kevin Owens
77.8%
Rikishi
77.7%
Diesel
77.7%
Mr. Perfect
77.7%
Kurt Angle
77.6%
Honky Tonk Man
77.3%
Booker T
77.2%
% Correct
Umaga
77.2%
Cody Rhodes
77.1%
JBL
77%
Eddie Guerrero
76.6%
Santino Marella
76.2%
John Morrison
76%
William Regal
75.7%
Carlito
75.7%
Billy Gunn
75.1%
Road Dogg
75%
Luke Harper
74.6%
Ricky Steamboat
74.1%
Big E
74.1%
Bad News Barrett
74.1%
Shelton Benjamin
72.6%
Curtis Axel
71.8%
British Bulldog
71.3%
Ken Shamrock
71.1%
Test
70.6%
Rick Rude
70%
Jeff Jarrett
68.6%
The Godfather
68%
Ezekiel Jackson
62.4%
Marty Jannetty
62.3%
Albert
61.6%
Val Venis
61.2%
Drew McIntyre
61.1%
Tito Santana
59.6%
Greg Valentine
59.3%
Pat Patterson
58.9%
Ahmed Johnson
57.3%
Lance Storm
57.1%
Don Muraco
52.2%
Texas Tornado
51.6%
Pedro Morales
51.2%
Ken Patera
42.1%
Quiz Playlist
Details
Report
Send in Message
Add To Playlist
More Info:
Chyna, Marc Mero, D'Lo Brown, The Mountie, and Dean Douglas are not featured in this picture.
Map:
Type answers that appear on an image
Last Updated: Feb 12, 2018
Quiz Scoreboard
CHALLENGE
Sign Up to Join the Scoreboard
Show All
Scores
Hide
Comments
May contain spoilers
Recently Published
1-10 Letter E Words III
by El_Dandy
Language
2m
Street Fighter Characters
by Artimus82
Gaming
60s
College Basketball Coaching Resumes
by pancakes188
Sports
9m
More to Explore
Quiz From the Vault
Featured Blog Post
Where Did the Easter Bunny Come From?
hide this ad
You Might Also Like...
Tags
Play Quiz
WWE Quiz
champion
Featured
Intercontinental
map
Today's Top Quizzes in Sports
Browse Sports
hide this ad
Today's Top Quizzes in WWE
Browse WWE
Top Contributed Quizzes in Sports
1
2022 World Cup Stars
2
Les meilleurs buteurs des matchs entre le PSG et l’OM
3
FIFA Club World Cup Champions
4
Les entraîneurs de l'OM et du PSG au 21e siècle
5
Criteria MLB: Left Handed Sluggers
6
2023 MLB Unique Player Accomplishments
7
AFC Teams Reveal (Wrong Answers Minefield)
8
Players with Multiple 50 Home Run Seasons
9
5-to-1: FBS Animal Nicknames
10
5-to-1: UK Sports Teams
Explore More
Trending Topics
Marvel
Crossword
Harry Potter
Anime
NBA
Disney
Kpop
Pokémon
Puzzle
Soccer
Song
The Office
Country
WWE
NFL
hide this ad
More By:
jrock826
Quiz
Plays
Rating
Category
Featured
Created
World Heavyweight Champions (Clickable)
36,202
2.38
Sports
Mar 29, 2012
Randy Orton WWE PPV/Network Event Opponents
10,783
3.21
Sports
Feb 16, 2011
NBA Eastern Conference PPG Team Leaders 2000-2019
10,368
4.80
Sports
Jan 29, 2015
Top 100 MLB Players of 2018
9,783
4.33
Sports
Feb 15, 2018
NFL Random Trivia (2005-15)
8,075
3.30
Sports
Nov 14, 2014
Go to Creator's Profile
Score Distribution
Quiz Creator Spotlight
jrock826
Follow
Send a Message
Quizzes Created
-
Created Quiz Play Count
-
More By This Creator
Popular Quizzes Today
1
Find the US States - No Outlines Minefield
2
Find the Countries of Europe - No Outlines Minefield
3
The Countries of the World
4
Find the US States
5
Risky Map Clicking: Biggest States A-Z
6
US States
7
Popular People in 1961
8
Movies - When Are They Set?
More Sports Quizzes
NCAA Profile: Connecticut
Published
Trending Quizzes
Risky Map Clicking: Least Populous States A-Z
1-10 Letter G Words
1-10 Letter F Words
Countries of the World: 200 Million BC
Risky Map Clicking: Next State Alphabetically
Recently Updated
Most Oscar Losses (Acting)
pecheneg
Beyoncé Albums
pecheneg
Leaping Animals
pecheneg
Reality TV Shows (A-Z)
bhenderson79
Rickey Henderson's Hall of Fame Teammates
pecheneg
Champions League XIs: Arsenal
pecheneg
Quick Pick: Celebrities in WWE's Hall of Fame
aduchscher
A-Z Keypad Blitz II
pecheneg
Multiple Oscar Actors
pecheneg
Mystery Phrase Blitz: Oscar 'Best Actors'
pecheneg
Trending Topics
Disney
Anime
Crossword
Harry Potter
Marvel
NBA
Kpop
The Office
Song
NFL
Pokémon
Soccer
Country
WWE
Puzzle
Your Account Isn't Verified!
In order to create a playlist on Sporcle, you need to verify the email address you used during registration. Go to your
Sporcle Settings
to finish the process.
Report this User
Report this user for behavior that violates our
Community Guidelines
.
Details:
Send Report
Go to the Sporcle.com Mobile Site →
Comments